| 000 | 01392nam a2200457 i 4500 | ||
|---|---|---|---|
| 001 | 846 | ||
| 003 | KOSZ 005 | ||
| 005 | 20240405062946.0 | ||
| 008 | 990506s1983 pl a |001 0 pol | ||
| 015 | _aPB 1983/5214 | ||
| 020 | _a8304016117 | ||
| 035 | _a(OCoLC)830222052 | ||
| 040 |
_aWA N _cWA N _dKOSZ 005/HR |
||
| 041 | 0 | _apol | |
| 045 |
_ad1948 _ad1980 |
||
| 046 | _k1983 | ||
| 080 | _a001(438) | ||
| 080 | _a008(438) | ||
| 080 | _a62(438) | ||
| 080 | _a06.05(438) | ||
| 245 | 0 | 0 |
_aNagrody państwowe w latach 1948-1980 : _binformator / _c[oprac. Janina Adamowiczowa] ; Komitet Nagród Państwowych. |
| 260 |
_aWrocław [etc.] : _bZakład Narodowy im. Ossolińskich, _c1983. |
||
| 300 |
_a354 s. : _berr. ; _c21 cm. |
||
| 336 |
_2rdacontent _atekst _btxt |
||
| 337 |
_2rdamedia _aBez urządzenia pośredniczącego _bn |
||
| 338 |
_2rdacarrier _aWolumin _bnc |
||
| 380 | _aKsiążki | ||
| 380 | _aPublikacje informacyjne | ||
| 388 | _a1901-2000 | ||
| 388 | _a1945-1989 | ||
| 504 | _aIndeksy. | ||
| 650 | 4 | _aNagrody państwowe. | |
| 648 | 4 | _a1901-2000 | |
| 651 | _aPolska | ||
| 650 | 4 | _aPrawo | |
| 648 | 4 | _a1945-1989 | |
| 655 | 4 | _aSpis | |
| 700 | 1 |
_aAdamowiczowa, Janina. _eOpracowanie |
|
| 856 |
_uhttp://koha.tu.koszalin.pl/cgi-bin/koha/opac-detail.pl?biblionumber=846 _yKatalog online BPK |
||
| 942 |
_2UKD _cKS |
||
| 999 |
_c846 _d846 |
||